000 00514nam a2200193 a 4500
001 1761205392261
003 ACL
005 20251023131505.0
008 251023s1999##################000#0#eng##
020 _a9780198233411
082 0 4 _a658.6048
_bGAB
100 1 _aGabszewicz, Jean Jaskold,
_eauthor.
245 1 0 _aStrategic Interaction and Markets :
260 _bOxford University Press, USA,
_c1999.
300 _a98 pages
650 0 _aBusiness & Economics.
942 _cENGLISH
040 _aACL
_beng
_cACL
999 _c592844
_d592844